=LDR 00000nam 2200000 4500 =001 INLIS000000000030934 =005 20130612133036 =008 ***********************************ind** =035 ##$$0010-061300000030934 =041 ##$$a ind =082 ##$$a 028.5 =090 ##$$a 028.5, Mua s =100 ##$$a Muakhir, Ali =245 ##$$a Selalu pegeng janji, oleh Ali Muakhir ; penerjemah, Harisa Permatasari ; editor, Imran Laha =260 ##$$a (s.a) $b Jakarta =300 ##$$a 23 hlm, ilus, 16 cm =650 ##$$a Bacaan Anak-anak =850 ##$$a NBPNMAT =990 ##$$a 21601548/BPAP-NTB/2017